Einsamste Hauptstädte - Statistiken

Allgemein
  • Dieses Quiz wurde 46 mal gespielt
  • Das Durchschnittsergebnis liegt bei 7 aus 12
Antwortstatistiken
Entfernung Antwort % Korrekt
2326km Canberra
85%
1493km Reykjavík
83%
2326km Wellington
80%
1461km Brasília
73%
1159km Tokio
73%
1139km Santiago de Chile
60%
1160km Manila
53%
1167km Ulan Bator
45%
2372km Port Moresby
43%
1160km Taipeh
35%
1903km Dili
25%
1268km Bandar Seri Begawan
18%
Keine übereinstimmenden Quizze gefunden
Verteilung der Resultate
Anzahl Personen mit jedem Resultat
Perzentil nach korrekt beantworteten Fragen
Ihre Resultats-Entwicklung
Sie haben dieses Quiz noch nicht gespielt